Anatomía básica Gray
Saved in:
| Main Authors: | , , |
|---|---|
| Format: | Book |
| Language: | Spanish |
| Published: |
Barcelona
Elsevier España S. L
2013
|
| Edition: | 1a. ed |
| Subjects: | |
| Tags: |
Add Tag
No Tags, Be the first to tag this record!
|
MARC
| LEADER | 00000cam a2200000 a 4500 | ||
|---|---|---|---|
| 001 | UCE2187 | ||
| 003 | CL-VaPUC | ||
| 008 | 140612e20130000sp |||||||||||||||||spa|d | ||
| 020 | |a 9788480869423 | ||
| 082 | 0 | 4 | |a 611 |b DRA |2 21 |
| 100 | 0 | |a Drake, Richard L |e author |9 574658 | |
| 700 | 0 | |a Vogl, A. Wayne |e author |9 574659 | |
| 700 | 0 | |a Mitchell, Adam W. M |e author |9 574660 | |
| 245 | 1 | 0 | |a Anatomía básica Gray |
| 250 | |a 1a. ed | ||
| 300 | |a 610 p | ||
| 942 | |c BK | ||
| 945 | |d 20140612 14:08:00 |a dcastane | ||
| 260 | |a Barcelona |b Elsevier España S. L |c 2013 | ||
| 650 | 0 | |a Anatomía humana |9 269546 | |
| 650 | 0 | |a Embriología |9 269729 | |
| 650 | 7 | |a SISTEMA CARDIOVASCULAR |2 CL-VaPUC |9 329868 | |
| 650 | 7 | |a SISTEMA ENDOCRINO |2 CL-VaPUC |9 329871 | |
| 650 | 7 | |a SISTEMA MUSCULO ESQUELETO |2 CL-VaPUC |9 482354 | |
| 650 | 0 | |a Sistema nervioso |9 266815 | |
| 650 | 0 | |a Sistema respiratorio |9 329869 | |
| 583 | |a last modification |c 20140612 14:08:00 |k Rodrigo Vera | ||
| 999 | |c 355849 |d 355847 | ||
| 952 | |0 0 |1 0 |3 erb |4 0 |6 611_000000000000000_DRA_2013 |7 0 |8 A |9 462746 |a BIBCUR |b BIBCUR |i 5084156 |l 2 |o 611 DRA 2013 |p 5084156 |r 2025-04-22 |s 2023-04-28 |w 2019-11-23 |y BK |z Catalogado en:20140612 |k KIN | ||
| 952 | |0 0 |1 0 |3 erb |4 0 |6 611_000000000000000_DRA_2013 |7 0 |8 A |9 462747 |a BIBCUR |b BIBCUR |i 5084148 |l 2 |o 611 DRA 2013 |p 5084148 |r 2025-04-22 |s 2025-04-09 |w 2019-11-23 |y BK |z Catalogado en:20140612 |k KIN | ||
| 952 | |0 0 |1 0 |3 erb |4 0 |6 611_000000000000000_DRA_2013 |7 0 |8 A |9 462748 |a BIBCUR |b BIBCUR |i 508413K |l 1 |o 611 DRA 2013 |p 508413K |r 2025-04-22 |s 2023-04-11 |w 2019-11-23 |y BK |z Catalogado en:20140612 |k KIN | ||
| 952 | |0 0 |1 0 |3 erb |4 0 |6 611_000000000000000_DRA_2013 |7 0 |8 A |9 462749 |a BIBCUR |b BIBCUR |i 5084121 |o 611 DRA 2013 |p 5084121 |r 2025-04-22 |w 2019-11-23 |y BK |z Catalogado en:20140612 |k KIN | ||
| 952 | |0 0 |1 0 |3 erb |4 0 |6 611_000000000000000_DRA_2013 |7 0 |8 A |9 462750 |a BIBCUR |b BIBCUR |i 5084113 |l 4 |o 611 DRA 2013 |p 5084113 |r 2025-04-22 |s 2024-04-23 |w 2019-11-23 |y BK |z Catalogado en:20140612 |k KIN | ||
| 952 | |0 0 |1 0 |3 erb |4 0 |6 611_000000000000000_DRA_2013 |7 0 |8 A |9 462751 |a BIBCUR |b BIBCUR |i 5084105 |o 611 DRA 2013 |p 5084105 |r 2025-04-22 |w 2019-11-23 |y BK |z Catalogado en:20140612 |k KIN | ||
| 952 | |0 0 |1 0 |3 erb |4 0 |6 611_000000000000000_DRA_2013 |7 0 |8 A |9 462752 |a BIBCUR |b BIBCUR |i 5084091 |l 4 |o 611 DRA 2013 |p 5084091 |r 2025-04-22 |s 2024-09-11 |w 2019-11-23 |y BK |z Catalogado en:20140612 |k KIN | ||
| 952 | |0 0 |1 0 |3 erb |4 0 |6 611_000000000000000_DRA_2013 |7 0 |8 A |9 462753 |a BIBCUR |b BIBCUR |i 5084083 |l 1 |o 611 DRA 2013 |p 5084083 |r 2025-04-22 |s 2024-09-03 |w 2019-11-23 |y BK |z Catalogado en:20140612 |k KIN | ||
| 952 | |0 0 |1 0 |3 erb |4 0 |6 611_000000000000000_DRA_2013 |7 0 |8 A |9 462754 |a BIBCUR |b BIBCUR |i 5084075 |o 611 DRA 2013 |p 5084075 |r 2025-04-22 |w 2019-11-23 |y BK |z Catalogado en:20140612 |k KIN | ||
| 952 | |0 0 |1 0 |3 erb |4 0 |6 611_000000000000000_DRA_2013 |7 0 |8 A |9 462755 |a BIBCUR |b BIBCUR |i 5084067 |l 5 |o 611 DRA 2013 |p 5084067 |r 2025-04-22 |s 2025-03-11 |w 2019-11-23 |y BK |z Catalogado en:20140612 |k KIN | ||